[Event "KOS Cup"]
[Site "Pristina"]
[Date "2020.02.15"]
[Round "2.5"]
[White "Rama, Rame"]
[Black "Vertopi, Faton"]
[Result "1-0"]
[WhiteElo "2000"]
[BlackElo "1711"]
[PlyCount "107"]
[EventDate "2020.02.09"]
[EventType "k.o."]
[EventRounds "5"]
[EventCountry "KOS"]
[SourceTitle "CBM 195 Extra"]
[Source "ChessBase"]
[SourceDate "2020.05.31"]
[SourceVersion "1"]
[SourceVersionDate "2020.05.31"]
[SourceQuality "1"]

1. d4 d5 2. c4 c6 3. Nf3 Nf6 4. cxd5 cxd5 5. Bf4 Bf5 6. Ne5 Qa5+ 7. Nc3 Ne4 8. Qb3 Nxc3 9. Bd2 Qb6 10. Qxc3 Nc6 11. Nxc6 bxc6 12. Rc1 Rc8 13. e3 e6 14. b4 Bd6 15. Be2 0-0 16. 0-0 h6 17. a3 Qb8 18. g3 e5 19. Ba6 exd4 20. exd4 Rc7 21. Rfe1 Qb6 22. Bf1 h5 23. Bd3 Bxd3 24. Qxd3 h4 25. Kg2 hxg3 26. hxg3 f5 27. Re6 Rd7 28. Rh1 Qc7 29. Rh5 Rdf7 30. Re1 g6 31. Rh3 Rh7 32. Rxh7 Kxh7 33. Rh1+ Kg8 34. Qc2 a6 35. Qd3 Qf7 36. f3 Qb7 37. Qe2 Qe7 38. Qxa6 Qc7 39. Be1 g5 40. Qd3 Qg7 41. Bf2 g4 42. f4 Qf6 43. Qb1 Qe6 44. Rh5 Qe4+ 45. Qxe4 dxe4 46. Rh6 Rd8 47. Rf6 Be7 48. Rxf5 Ra8 49. Ra5 Rxa5 50. bxa5 Bd8 51. a6 Bb6 52. Kf1 Kf7 53. Ke2 Ke6 54. d5+ 1-0